Biblioteca

Ensayos sobre la igualdad sexual / John Stuart Mill, Harriet Taylor Mill ; Pere Casanelles, Traductor (Registro nro. 32654)

Detalles MARC
000 -LÍDER
Campo fijo de descripción fija 010140000a22002170004500
020 ## - NÚMERO INTERNACIONAL NORMALIZADO PARA LIBROS
Número Internacional Normalizado del libro 84-297-0874-X
041 0# - CÓDIGO DE IDIOMA
Código de idioma para texto/pista de sonido o título separado
082 04 - NÚMERO DE CLASIFICACIÓN DECIMAL DEWEY
Número de clasificación G 176 M6451e
001 - NÚMERO DE CONTROL
Campo de control 1331
100 1# - ASIENTO PRINCIPAL--NOMBRE PERSONAL
Nombre personal Mill, John Stuart (1806-1873)
245 10 - TÍTULO
Título del Material Ensayos sobre la igualdad sexual / John Stuart Mill, Harriet Taylor Mill ; Pere Casanelles, Traductor
260 ## - PUBLICACIÓN, DISTRIBUCIÓN, ETC. (PIE DE IMPRENTA)
Lugar de publicación, distribución, etc. Barcelona, España : Península
300 ## - DESCRIPCIÓN FÍSICA
Extensión 288 pag.
336 ## - CONTENT TYPE
Content type term texto
Content type code txt
Source rdacontent
337 ## - MEDIA TYPE
Source rdamedia
Media type term sin mediación
Media type code n
338 ## - CARRIER TYPE
Source rdacarrier
Carrier type term volumen
Carrier type code nc
500 ## - NOTA GENERAL
Nota General Título original : Essays on sex equality
505 00 - NOTA DE CONTENIDO
Nota de contenido con formato preestablecido sentimiento e intelecto(la historia de John Stuart Mill y Harriet Taylor Mill). por Alice S. rossi -- primeros ensayos sobre el matrimonio y el divorcio (1832) por John Stuart Mill y Harriet Taylor Mill -- la emancipación de la mujer (1851), por Harriet Taylor Mill -- la sujeción de la mujer (1869), por John Stuart Mill
650 14 - ASIENTO SECUNDARIO DE MATERIA - TERMINO TEMÁTICO
Término temático o nombre geográfico como elemento de entrada MUJERES - HISTORIA - PERIODO MODERNO, 1600 - GUIAS, ENSAYOS, LECTURAS
942 ## - TIPO DE MATERIAL (KOHA)
Tipo de Item KOHA Libros General
Existencias
Estado de Material Estado de Perdido Estado de Dañado No para Préstamo Colección Tomo Biblioteca de Origen Biblioteca Permanente Fecha de Adquisición Total de Préstamos Signatura Topográfica Código de Barras Última vez visto Ejemplar/Existencia Fecha de Remplazo Tipo de Material
        Colección General   Biblioteca FUSBC Biblioteca FUSBC 13/10/2004   G 176 M6451e 792 12/12/2019 1 26/01/2016 Libros General

Biblioteca FUSBC | Teléfono: (57+4) 349 88 10 Ext. 141| WhatsApp (+57) 3005338115 
E-mail: biblioteca@unisbc.edu.co | Calle 76 87-14 Robledo Palenque, Medellín, Colombia

Con tecnología Koha